Mathématiques: terminale ES, obligatoire et spécialité

Tallennettuna:
Bibliografiset tiedot
Päätekijät: Thiénard, Jean-Claude (Tekijä), Cheymol, Maryse (Tekijä), Combrade, Maryse (Tekijä), Delors, Francoise (Tekijä), Bonneval, Louis-Marie (Tekijä), Gaud, Dominique (Tekijä), Jussiaume, Loïc (Tekijä), Parnaudeau, Jean-Marie (Tekijä), Terrochaire (Tekijä)
Aineistotyyppi: Kirja
Kieli:ranska
Julkaistu: Rosny-sous-Bois Bréal 2002
Aiheet:
Tagit: Lisää tagi
Ei tageja, Lisää ensimmäinen tagi!

MARC

LEADER 00000nam a2200000 a 4500
001 UCM5105
003 CL-VaPUC
008 020927e20020000fr |||||||||||||||||fre|d
082 0 4 |a 510.0712  |b THI  |2 21 
100 0 |a Thiénard, Jean-Claude  |e author  |9 471454 
700 0 |a Cheymol, Maryse  |e author  |9 471455 
700 0 |a Combrade, Maryse  |e author  |9 471456 
700 0 |a Delors, Francoise  |e author  |9 471457 
700 0 |a Bonneval, Louis-Marie  |e author  |9 471458 
700 |a Gaud, Dominique  |e author  |9 478735 
700 0 |a Jussiaume, Loïc  |e author  |9 471460 
700 0 |a Parnaudeau, Jean-Marie  |e author  |9 471461 
700 0 |a Terrochaire  |e author  |9 471462 
245 1 0 |a Mathématiques: terminale ES, obligatoire et spécialité 
300 |a 336 p 
942 |c BK 
945 |d 20020927 00:00:00  |a cmena 
260 |a Rosny-sous-Bois  |b Bréal  |c 2002 
650 0 |a Matemáticas  |x Enseñanza  |9 875527 
650 0 |a Métodos de enseñanza  |9 270413 
583 |a last modification  |c 20150511 04:11:08  |k Rodrigo Vera 
999 |c 301390  |d 301388 
952 |0 0  |1 0  |4 0  |6 510_071200000000000_THI_2002  |7 0  |8 A  |9 360290  |a BIBMAT  |b BIBMAT  |d 2019-11-21  |i 3837459  |o 510.0712 THI 2002  |p 3837459  |r 2025-01-07  |w 2019-11-21  |y BK  |k MAT